[Event "LYM - Young Masters"]
[Site "Lausanne - Casino de Montbenon"]
[Date "1999.05.12"]
[Round "1.1"]
[White "Pelletier, Yannick"]
[Black "Leitao, Rafael"]
[Result "1/2-1/2"]
[WhiteElo "2483"]
[BlackElo "2559"]
[PlyCount "52"]
[EventDate "1999.05.??"]
[Source "ChessBase"]
[SourceDate "1999.08.01"]

1. d4 Nf6 2. c4 e6 3. Nf3 b6 4. Nc3 Bb7 5. a3 d5 6. Bg5 Be7 7. Qa4+ c6 8. cxd5
Nxd5 9. Bd2 O-O 10. e4 Nxc3 11. Bxc3 Nd7 12. Rd1 Qc8 13. Bd3 c5 14. O-O Rd8 15.
Rc1 Qc7 16. Rfe1 Rac8 17. b4 cxd4 18. Bb2 Qb8 19. Rxc8 Bxc8 20. Nxd4 Ne5 21.
Be2 Bb7 22. f3 Bf6 23. Rd1 Ng6 24. Qc2 h5 25. Nb3 Rxd1+ 26. Bxd1 Bxb2 1/2-1/2

[Event "LYM - Young Masters"]
[Site "Lausanne - Casino de Montbenon"]
[Date "1999.05.13"]
[Round "1.2"]
[White "Bunzmann, Dimitrij"]
[Black "Sadvakasov, Darmen"]
[Result "1-0"]
[WhiteElo "2555"]
[BlackElo "2487"]
[PlyCount "79"]
[EventDate "1999.05.??"]
[Source "ChessBase"]
[SourceDate "1999.08.01"]

1. d4 d5 2. c4 dxc4 3. e3 Nf6 4. Bxc4 e6 5. Nf3 c5 6. O-O a6 7. Bb3 Nc6 8. Nc3
Be7 9. dxc5 Qxd1 10. Rxd1 Bxc5 11. Bd2 Ba7 12. Rac1 O-O 13. Be1 h6 14. h3 Bd7
15. Na4 Rfd8 16. Nc5 Bxc5 17. Rxc5 Be8 18. Rcc1 Ne4 19. Bc2 f5 20. g4 g5 21.
Bb3 Bf7 22. Ba4 Be8 23. Bxc6 Rxd1 24. Rxd1 bxc6 25. Nd4 Bd7 26. Nxf5 exf5 27.
Rxd7 fxg4 28. hxg4 Nf6 29. Rc7 Nxg4 30. Bc3 c5 31. Kg2 Re8 32. Kg3 Ne5 33. Rxc5
Nf7 34. Rc6 Re4 35. Rxa6 h5 36. a4 Rg4+ 37. Kh2 Rh4+ 38. Kg2 Rg4+ 39. Kf1 h4
40. f3 1-0

[Event "LYM - Young Masters"]
[Site "Lausanne - Casino de Montbenon"]
[Date "1999.05.13"]
[Round "1.2"]
[White "Asrian, Karen"]
[Black "Leitao, Rafael"]
[Result "1/2-1/2"]
[WhiteElo "2576"]
[BlackElo "2559"]
[PlyCount "37"]
[EventDate "1999.05.??"]
[Source "ChessBase"]
[SourceDate "1999.08.01"]

1. e4 c5 2. Nf3 d6 3. d4 cxd4 4. Nxd4 Nf6 5. Nc3 a6 6. Be2 e5 7. Nb3 Be7 8. O-O
O-O 9. Be3 Be6 10. Qd2 Nbd7 11. a4 Rc8 12. a5 Re8 13. Rfd1 h6 14. f3 Qc7 15.
Nc1 Red8 16. Qe1 Qc6 17. Qd2 Qc7 18. Qe1 Qc6 19. Qd2 1/2-1/2

[Event "LYM - Young Masters"]
[Site "Lausanne - Casino de Montbenon"]
[Date "1999.05.14"]
[Round "2.1"]
[White "Sadvakasov, Darmen"]
[Black "Kasimdzhanov, Rustam"]
[Result "1/2-1/2"]
[WhiteElo "2487"]
[BlackElo "2606"]
[PlyCount "62"]
[EventDate "1999.05.??"]
[Source "ChessBase"]
[SourceDate "1999.08.01"]

1. e4 e5 2. Nf3 Nf6 3. d4 Nxe4 4. Bd3 d5 5. Nxe5 Nd7 6. Nxd7 Bxd7 7. O-O Bd6 8.
c4 c6 9. cxd5 cxd5 10. Qh5 O-O 11. Qxd5 Bc6 12. Qh5 g6 13. Qh3 Bb4 14. Be3 Re8
15. a3 Ba5 16. Rc1 Rc8 17. Bxe4 Bxe4 18. Nc3 Bxc3 19. Rxc3 Rxc3 20. bxc3 Qc8
21. Qxc8 Rxc8 22. Bd2 Bd5 23. f3 f6 24. Kf2 Kf7 25. Rb1 Rc4 26. Ke3 Ra4 27. Bc1
Bc6 28. Kd3 b5 29. Bb2 Bd5 30. Re1 Ra6 31. Bc1 Re6 1/2-1/2

[Event "LYM - Young Masters"]
[Site "Lausanne - Casino de Montbenon"]
[Date "1999.05.14"]
[Round "2.3"]
[White "Kasimdzhanov, Rustam"]
[Black "Sadvakasov, Darmen"]
[Result "1/2-1/2"]
[WhiteElo "2606"]
[BlackElo "2487"]
[PlyCount "67"]
[EventDate "1999.05.??"]
[Source "ChessBase"]
[SourceDate "1999.08.01"]

1. d4 Nf6 2. c4 e6 3. Nc3 Bb4 4. e3 c5 5. Nf3 O-O 6. Bd3 cxd4 7. exd4 d5 8. O-O
dxc4 9. Bxc4 b6 10. Bg5 Bb7 11. Rc1 Nc6 12. a3 Be7 13. Qd3 Nd5 14. Bxd5 Bxg5
15. Nxg5 Qxg5 16. Be4 Rfd8 17. Bxh7+ Kf8 18. Be4 Rxd4 19. Qe3 Qxe3 20. fxe3 Rd7
21. Nb5 Rc8 22. Rfd1 Ne5 23. Rxc8+ Bxc8 24. Rxd7 Bxd7 25. Nxa7 Nc4 26. Bd3 Nxb2
27. Bb5 Ke7 28. Kf1 Bxb5+ 29. Nxb5 Kd7 30. h4 Kc6 31. Nd4+ Kd5 32. Ke2 Nc4 33.
g4 Ke4 34. Nc2 1/2-1/2